000 00929cam a2200265 4500
001 WB3637-13
008 000000n2000 000 0 eng u
035 _a(Sirsi) u108406
245 _aGood quittance
260 _c2000
490 _aEstates Gazette
_v(0037) 16 September 2000, 155(1)
520 _aRecent cases clarify statutory compensation, and show that a key factor in deciding entitlement to compensation is the date on which a business tenant quits a tenancy.
590 _aWB
650 _aWEBB V SANDOWN SPORTS CLUB LTD
650 _aSIGHT & SOUND EDUCATION LTD V BOOKS ETC LTD
650 _aBACCHIOCCHI V ACADEMIC AGENCY LTD
650 _aSECTION 25 NOTICES
650 _aLANDLORD AND TENANT ACT 1954
650 _aSTATUTORY COMPENSATION
650 _aTERMINATION
650 _aCOMMERCIAL LEASES
650 _aBUSINESS TENANCIES
690 _aLANDLORD AND TENANT-BUSINESS TENANCIES
942 _n0
999 _c64723
_d64723